00445nam a2200145Ia 4500008004100000040001900041041001200060082002500072100002100097245010400118260003200222300001900254650000800273850001800281131103s9999 xx 000 0 und d aLoreto College aEnglish aMIS/YEPbLCBED/11554 aYepsen, Roger B. aHow to boost your brain powerb achieving peak intelligence, memory and creativity cRoger B.Yepsen aDelhibUniversal Bookc1994 a220p. c 23cm. aMis aLCBED/MIS/YEP